| 000 -LEADER |
| fixed length control field |
00623nam a2200193Ia 4500 |
| 001 - CONTROL NUMBER |
| control field |
5321 |
| 003 - CONTROL NUMBER IDENTIFIER |
| control field |
GE_BSU |
| 008 - FIXED-LENGTH DATA ELEMENTS--GENERAL INFORMATION |
| fixed length control field |
181216s||||||||xx |||||||||||||| ||und|| |
| 040 ## - CATALOGING SOURCE |
| Transcribing agency |
GE_BSU |
| 080 ## - UNIVERSAL DECIMAL CLASSIFICATION NUMBER |
| Universal Decimal Classification number |
512.54 |
| 245 ## - TITLE STATEMENT |
| Title |
Групы ограничениями для под групп |
| 245 ## - TITLE STATEMENT |
| Remainder of title |
АН Украинской ССР Орордена трудового красного знамени ин-ут. математики |
| 245 ## - TITLE STATEMENT |
| Statement of responsibility, etc. |
Отв. ред. С.Н. Черников |
| 260 ## - PUBLICATION, DISTRIBUTION, ETC. |
| Place of publication, distribution, etc. |
Киев |
| 260 ## - PUBLICATION, DISTRIBUTION, ETC. |
| Name of publisher, distributor, etc. |
Наукова думка |
| 260 ## - PUBLICATION, DISTRIBUTION, ETC. |
| Date of publication, distribution, etc. |
1971 |
| 300 ## - PHYSICAL DESCRIPTION |
| Extent |
226с.22 см. |
| 942 ## - ADDED ENTRY ELEMENTS (KOHA) |
| Koha item type |
წიგნი |